Deutschland vs. Frankreich - Statistiken

Allgemein
  • Dieses Quiz wurde 2.064 mal gespielt
  • Das Durchschnittsergebnis liegt bei 10 aus 15
Antwortstatistiken
Frage Antwort % Korrekt
Welches Land hat mehr Einwohner? Deutschland
94%
Welches Land besitzt eine größere Fläche? Frankreich
93%
Erwirtschaftet mehr Einnahmen durch Tourismus? Frankreich
92%
Ist schon länger ein unabhängiger Staat? Frankreich
91%
Welches Land hat mehr Flughäfen? Deutschland
83%
Höchster Berg beider Länder ist zu finden in...? Frankreich
83%
Dieses Land importiert mehr Waren, als es exportiert? Frankreich
75%
Der erste Nobelpreisträger für Physik ist geboren in...? Deutschland
71%
Besitz eine niedrigere Staatsverschuldung? Deutschland
63%
Die Athleten dieses Landes holten mehr Medaillen bei olympischen Sommerspielen? Deutschland
62%
In diesem Land leben mehr italienische Migranten Deutschland
52%
Welches Land hat mehr Bundesländer/Regionen? Deutschland
49%
Die Bevölkerung dieses Landes erreicht eine höhere Lebenserwartung Frankreich
48%
Mehr Siege bei einem Aufeinandertreffen der beiden Fußballnationalmannschaften? Frankreich
21%
In welchem Land gibt es mehr Regentage (Durchschnittswert)? Beide gleich viel
7%
Keine übereinstimmenden Quizze gefunden
Verteilung der Resultate
Anzahl Personen mit jedem Resultat
Perzentil nach korrekt beantworteten Fragen
Ihre Resultats-Entwicklung
Sie haben dieses Quiz noch nicht gespielt